| 000 | 00735cab a2200229 4500 | ||
|---|---|---|---|
| 001 | WB2945-05 | ||
| 008 | 090401t1993 xxu||||| |||| 00| 0 eng d | ||
| 035 | _a(Sirsi) u34803 | ||
| 041 | _aeng | ||
| 245 | _aStanhope slams overspecification | ||
| 260 | _c1993 | ||
| 350 | _a0 | ||
| 490 |
_aBuilding _v258(7822) 3 December 1993, 10(1) |
||
| 520 | _aAccording to Stanhope Properties "An assessment of occupation density levels in commercial office buildings" offices have more facilities in their design that will ever be used. | ||
| 650 | _aDESIGN | ||
| 650 | _aOCCUPIERS NEEDS | ||
| 650 | _aOFFICES | ||
| 650 | _aOVER-SPECIFICATION | ||
| 690 | _aBUILT ENVIRONMENT-CONSTRUCTION DESIGN | ||
| 942 | _n0 | ||
| 948 | _c04/03/1997 | ||
| 999 |
_c22968 _d22968 |
||